[Event "European Blitz 2022"]
[Site "Katowice POL"]
[Date "2022.12.16"]
[Round "21.21"]
[White "Plichta, Kamil"]
[Black "Ziska, Helgi Dam"]
[Result "1-0"]
[WhiteTitle "FM"]
[BlackTitle "GM"]
[WhiteElo "2394"]
[BlackElo "2546"]
[WhiteFideId "1141830"]
[BlackFideId "7200595"]
[EventDate "2022.12.16"]

1. d4 Nf6 2. Bg5 Ne4 3. h4 c5 4. d5 Qb6 5. Nd2 Nxg5 6. hxg5 g6 7. Rb1 d6 8. e4
Bg7 9. Ngf3 a6 10. a4 Qa5 11. c3 b5 12. axb5 axb5 13. Be2 Nd7 14. O-O Qb6 15.
Qc2 O-O 16. Ra1 Bb7 17. Rfe1 e6 18. Rxa8 Rxa8 19. dxe6 fxe6 20. Nf1 c4 21. Rd1
Nc5 22. Ng3 Qc6 23. Nd4 Qb6 24. b4 cxb3 25. Nxb3 Be5 26. Nxc5 Qxc5 27. Qb3 d5
28. Qxb5 Qxb5 29. Bxb5 Bxc3 30. exd5 exd5 31. Ne2 Be5 32. Nd4 Rc8 33. Nf3 Bg7
34. Bd7 Rd8 35. Bb5 d4 36. Kf1 Kf8 37. Bd3 Ke7 38. Nd2 Be5 39. g3 Rc8 40. Re1
Kd6 41. Nc4+ Rxc4 42. Bxc4 Be4 43. Rxe4 1-0

[Event "European Blitz 2022"]
[Site "Katowice POL"]
[Date "2022.12.16"]
[Round "21.22"]
[White "Jarmula, Lukasz"]
[Black "Donchenko, Alexander"]
[Result "0-1"]
[WhiteTitle "GM"]
[BlackTitle "GM"]
[WhiteElo "2469"]
[BlackElo "2636"]
[WhiteFideId "1160664"]
[BlackFideId "24603295"]
[EventDate "2022.12.16"]

1. e4 c6 2. d4 d5 3. Nd2 dxe4 4. Nxe4 Nf6 5. Nxf6+ exf6 6. c3 Bd6 7. Bd3 O-O 8.
Ne2 Re8 9. O-O Qc7 10. Ng3 Nd7 11. Qc2 Nf8 12. Bd2 Be6 13. c4 Rad8 14. Bc3 Ng6
15. Rad1 Kh8 16. Rfe1 Nf4 17. Bf1 Bg4 18. Rxe8+ Rxe8 19. Re1 Rd8 20. h3 Bc8 21.
Qe4 Bf8 22. Bd2 Ng6 23. Bc3 Bd7 24. Qf3 Be6 25. Bd3 Nf4 26. Bf1 Ng6 27. Bd3 Nf4
28. Bf1 a6 29. b3 b5 30. Bd2 Ng6 31. Be3 Bb4 32. Rc1 Qd7 33. Ne4 Ba3 34. Rd1
bxc4 35. bxc4 Bf5 36. g3 Bf8 37. Bg2 Bxh3 38. Bxh3 Qxh3 39. Nc3 Qe6 40. d5 Ne5
41. Qe4 Qh3 42. Qg2 Qh5 43. Rf1 0-1

[Event "European Blitz 2022"]
[Site "Katowice POL"]
[Date "2022.12.16"]
[Round "21.23"]
[White "Larkin, Vladyslav"]
[Black "Dragnev, Valentin"]
[Result "0-1"]
[WhiteTitle "IM"]
[BlackTitle "GM"]
[WhiteElo "2452"]
[BlackElo "2556"]
[WhiteFideId "14152894"]
[BlackFideId "1634852"]
[EventDate "2022.12.16"]

1. e4 c6 2. d4 d5 3. Nd2 dxe4 4. Nxe4 Nd7 5. Ng5 h6 6. Ne6 Qb6 7. Nxf8 Nxf8 8.
c3 Bf5 9. Nf3 Nf6 10. Bc4 Ng6 11. Qe2 e6 12. h3 Rd8 13. a4 Qc7 14. Ne5 Nxe5 15.
dxe5 Nd7 16. Bf4 Nc5 17. O-O O-O 18. b4 Bd3 19. Bxd3 Nxd3 20. Bg3 c5 21. bxc5
Qxc5 22. Rab1 Rd7 23. Rfd1 Qxc3 24. Qe3 Rfd8 25. Bh4 Ra8 26. Rd2 Rd4 27. Bg3
Rad8 28. Rbd1 Qc4 29. Kh2 b6 30. Qe2 R4d5 31. Qe3 Nc5 32. Rxd5 Rxd5 33. Ra1 Qd4
34. Qe1 Nxa4 35. Ra2 a5 36. Qc1 Nc5 37. Rb2 Nd3 38. Qc8+ Rd8 0-1

[Event "European Blitz 2022"]
[Site "Katowice POL"]
[Date "2022.12.16"]
[Round "21.24"]
[White "Azarov, Sergei"]
[Black "Licznerski, Lukasz"]
[Result "0-1"]
[WhiteTitle "GM"]
[BlackTitle "IM"]
[WhiteElo "2562"]
[BlackElo "2441"]
[WhiteFideId "13501470"]
[BlackFideId "1179250"]
[EventDate "2022.12.16"]

1. e4 c6 2. d4 d5 3. e5 Bf5 4. Nf3 e6 5. Be2 Ne7 6. O-O Bg6 7. Nbd2 c5 8. c4
cxd4 9. Nxd4 Nec6 10. N2f3 dxc4 11. Bxc4 Be7 12. Be3 O-O 13. Rc1 Bh5 14. Be2 Qd5
15. Nf5 Qxa2 16. Nxe7+ Nxe7 17. Bc5 Nbc6 18. Bd6 Rfc8 19. h3 Nd5 20. Bc4 Qxb2
21. Bxd5 exd5 22. Qxd5 Bxf3 23. Qxf3 Nxe5 24. Bxe5 0-1

[Event "European Blitz 2022"]
[Site "Katowice POL"]
[Date "2022.12.16"]
[Round "21.25"]
[White "Abdrlauf, Elham"]
[Black "Langheinrich, Ferenc"]
[Result "1-0"]
[WhiteTitle "IM"]
[BlackTitle "IM"]
[WhiteElo "2518"]
[BlackElo "2381"]
[WhiteFideId "1533533"]
[BlackFideId "4641973"]
[EventDate "2022.12.16"]

1. e4 g6 2. d4 Bg7 3. Nf3 d6 4. Be3 Nf6 5. Nc3 a6 6. Qd2 Ng4 7. Bg5 h6 8. Bh4 g5
9. Bg3 Nf6 10. O-O-O Nh5 11. Bd3 Nc6 12. d5 Nb4 13. Be2 a5 14. Kb1 Na6 15. Nd4
Nxg3 16. hxg3 Nc5 17. Bb5+ Kf8 18. f4 g4 19. Rhe1 a4 20. a3 c6 21. dxc6 Qa5 22.
Bc4 bxc6 23. e5 Qc7 24. exd6 exd6 25. Qe3 Bf6 26. Nxc6 Qxc6 27. Bd5 Qd7 28. Bxa8
Kg7 29. Nd5 Bd8 30. Qd4+ f6 31. Nb4 Bc7 32. Bc6 Qd8 33. Nd5 Be6 34. f5 Bxd5 35.
Qxg4+ Kf8 36. Re8+ Qxe8 37. Bxe8 Be4 38. Bxa4 d5 39. Bb5 Be5 40. Bd3 Rh7 41.
Bxe4 1-0

[Event "European Blitz 2022"]
[Site "Katowice POL"]
[Date "2022.12.16"]
[Round "21.26"]
[White "Kozak, Antoni"]
[Black "Novotny, Michal"]
[Result "1-0"]
[BlackTitle "FM"]
[WhiteElo "2422"]
[BlackElo "2250"]
[WhiteFideId "21832030"]
[BlackFideId "310980"]
[EventDate "2022.12.16"]

1. d4 d5 2. c4 c6 3. e3 Nf6 4. Bd3 e6 5. Nf3 Nbd7 6. b3 Bd6 7. Bb2 O-O 8. O-O
dxc4 9. bxc4 c5 10. Nbd2 cxd4 11. exd4 b6 12. a4 Bb7 13. a5 bxa5 14. Ba3 Bb4 15.
Nb3 Rb8 16. Bxb4 axb4 17. Rxa7 Qb6 18. Ra5 Ra8 19. Rb5 Qc7 20. Rxb4 Ra3 21. Nfd2
Rfa8 22. Be2 e5 23. d5 h6 24. Bf3 Rb8 25. Qc1 Ra2 26. d6 Qc8 27. Bxb7 Rxb7 28.
Rxb7 Qxb7 29. c5 Nb8 30. Qc3 Nc6 31. Ra1 Qa6 32. Rxa2 Qxa2 33. Qa1 Qxa1+ 34.
Nxa1 Nd7 35. Nab3 f5 36. Kf1 Kf7 37. Ke2 Ke6 38. Nc4 Nd4+ 39. Nxd4+ exd4 40. c6
Ne5 41. Nxe5 Kd5 1-0

[Event "European Blitz 2022"]
[Site "Katowice POL"]
[Date "2022.12.16"]
[Round "21.27"]
[White "Samunenkov, Ihor"]
[Black "Grabarczyk, Miroslaw"]
[Result "1-0"]
[WhiteTitle "IM"]
[BlackTitle "GM"]
[WhiteElo "2488"]
[BlackElo "2337"]
[WhiteFideId "14187086"]
[BlackFideId "1101684"]
[EventDate "2022.12.16"]

1. d4 d5 2. Nc3 Nf6 3. Bf4 Bf5 4. f3 e6 5. g4 Bg6 6. h4 h5 7. g5 Ng8 8. e3 a6 9.
Bd3 Ne7 10. Nge2 Bxd3 11. Qxd3 c5 12. dxc5 Nec6 13. g6 f6 14. Nd4 Qd7 15. Nb3 e5
16. Bh2 Nb4 17. Qd2 Qf5 18. O-O-O Nd7 19. Nxd5 Nxd5 20. Qxd5 Be7 21. e4 Qh3 22.
Bxe5 Qxf3 23. Qxd7+ Kf8 24. Bd6 Re8 25. Bxe7+ Rxe7 26. Qc8+ Re8 27. Qxb7 1-0

[Event "European Blitz 2022"]
[Site "Katowice POL"]
[Date "2022.12.16"]
[Round "21.28"]
[White "Cherniaiev, Tykhon"]
[Black "Nasuta, Grzegorz"]
[Result "1-0"]
[WhiteTitle "FM"]
[BlackTitle "GM"]
[WhiteElo "2330"]
[BlackElo "2546"]
[WhiteFideId "14182360"]
[BlackFideId "1141686"]
[EventDate "2022.12.16"]

1. Nf3 d5 2. d4 Nf6 3. c4 c6 4. e3 Bf5 5. Bd3 Bxd3 6. Qxd3 e6 7. O-O Nbd7 8. Nc3
Be7 9. e4 dxe4 10. Nxe4 Nxe4 11. Qxe4 Nf6 12. Qc2 c5 13. Rd1 Qc7 14. Qa4+ Qd7
15. Qc2 Qc7 16. Qa4+ Qd7 17. Qc2 cxd4 18. Rxd4 Qc8 19. Qa4+ Qc6 20. Qxc6+ bxc6
21. Ne5 Rc8 22. Be3 Bc5 23. Rd3 Bxe3 24. Rxe3 Nd7 25. Nd3 Ke7 26. Rd1 Rhd8 27.
Rde1 Rb8 28. b3 a5 29. f4 Kf8 30. Kf2 a4 31. bxa4 Ra8 32. Nb2 Nc5 33. Ra3 Rdb8
34. Re2 Ra5 35. Rc2 Ke7 36. g3 h5 37. Re2 g6 38. Rc2 Rba8 39. Re2 Nxa4 40. Nd3
f6 41. Nb4 Rc5 42. Rae3 Kf7 43. Rxe6 Rxc4 44. Nxc6 Nc3 45. Re1 Rxa2+ 46. Kf3 Ra3
47. Re7+ Kg8 48. Re8+ Kg7 49. R1e7+ 1-0

[Event "European Blitz 2022"]
[Site "Katowice POL"]
[Date "2022.12.16"]
[Round "21.29"]
[White "Haydon, David L"]
[Black "Gaehwiler, Gabriel"]
[Result "1-0"]
[WhiteTitle "FM"]
[BlackTitle "IM"]
[WhiteElo "2289"]
[BlackElo "2408"]
[WhiteFideId "415405"]
[BlackFideId "1314530"]
[EventDate "2022.12.16"]

1. Nf3 Nf6 2. e3 g6 3. b3 Bg7 4. Bb2 b6 5. c4 Bb7 6. Be2 O-O 7. O-O e6 8. Qc2 d5
9. cxd5 exd5 10. d4 Nbd7 11. Bb5 c6 12. Bd3 c5 13. Qe2 Re8 14. Nbd2 cxd4 15.
Bxd4 Nc5 16. Bb5 Re7 17. b4 Ne6 18. Rac1 Rc8 19. Ba6 Rec7 20. Rxc7 Qxc7 21. Be5
Qe7 22. Bxb7 Qxb7 23. Qd3 Qc6 24. h3 Ne4 25. Bxg7 Kxg7 26. Qa3 Qc3 27. Qa6 Rc7
28. Nb3 Qxb4 29. Nfd4 Qc4 30. Qa3 N6c5 31. Rc1 Qb5 32. Nxb5 1-0

[Event "European Blitz 2022"]
[Site "Katowice POL"]
[Date "2022.12.16"]
[Round "21.30"]
[White "Hulka, Valentyn"]
[Black "Livaic, Leon"]
[Result "1/2-1/2"]
[WhiteTitle "CM"]
[BlackTitle "GM"]
[WhiteElo "2222"]
[BlackElo "2572"]
[WhiteFideId "34107061"]
[BlackFideId "14531534"]
[EventDate "2022.12.16"]

1. e4 c6 2. d4 d5 3. e5 Bf5 4. Nf3 e6 5. Be2 Ne7 6. c3 Nd7 7. O-O Ng6 8. Na3 f6
9. exf6 Qxf6 10. Nc2 Bd6 11. Ne3 O-O 12. Nxf5 exf5 13. Bd3 Nf4 14. Bxf4 Bxf4 15.
Re1 Rae8 16. Qb3 b5 17. a4 a6 18. axb5 axb5 19. g3 Bb8 20. Qc2 g6 21. Qd2 f4 22.
g4 Nb6 23. b3 Nc8 24. Rxe8 Rxe8 25. Re1 Re6 26. h3 Rxe1+ 27. Qxe1 Qe7 28. Qxe7
Nxe7 29. Kf1 1/2-1/2

[Event "European Blitz 2022"]
[Site "Katowice POL"]
[Date "2022.12.16"]
[Round "21.31"]
[White "Cukrowski, Filip"]
[Black "Sebenik, Matej"]
[Result "0-1"]
[WhiteTitle "FM"]
[BlackTitle "GM"]
[WhiteElo "2402"]
[BlackElo "2538"]
[WhiteFideId "1171097"]
[BlackFideId "14602296"]
[EventDate "2022.12.16"]

1. d4 d5 2. Nf3 Nf6 3. c4 e6 4. Nc3 Be7 5. Bg5 h6 6. Bh4 O-O 7. e3 b6 8. Bd3 Bb7
9. O-O Ne4 10. Bxe7 Qxe7 11. Nd2 Nxc3 12. bxc3 dxc4 13. Bxc4 c5 14. Be2 Nd7 15.
Bf3 Bxf3 16. Qxf3 Nf6 17. Rfc1 Rac8 18. a4 cxd4 19. exd4 a5 20. Rab1 Qd6 21. Qe2
Nd5 22. Ne4 Qc6 23. Qb5 f5 24. Ng3 Nxc3 25. Qxb6 f4 26. Rxc3 Qxb6 0-1

[Event "European Blitz 2022"]
[Site "Katowice POL"]
[Date "2022.12.16"]
[Round "21.32"]
[White "Seo, Jung Min"]
[Black "Karolczuk, Iwo"]
[Result "1-0"]
[WhiteTitle "IM"]
[BlackTitle "FM"]
[WhiteElo "2502"]
[BlackElo "2327"]
[WhiteFideId "1734687"]
[BlackFideId "21816972"]
[EventDate "2022.12.16"]

1. d4 Nf6 2. c4 e6 3. Nf3 b6 4. a3 Bb7 5. Nc3 d5 6. cxd5 Nxd5 7. Qc2 Be7 8. e4
Nxc3 9. bxc3 O-O 10. Bd3 c5 11. O-O Qc7 12. Qe2 Nd7 13. a4 Nf6 14. Bd2 Rfd8 15.
h4 Rac8 16. e5 Nd5 17. Qe4 g6 18. Qg4 cxd4 19. cxd4 Bf8 20. h5 Ne7 21. Rac1 Bxf3
22. gxf3 Qd7 23. Rxc8 Nxc8 24. hxg6 hxg6 25. Be3 Ne7 26. Kg2 Nd5 27. Bg5 Be7 28.
Rh1 Kf8 29. Rh7 Qxa4 30. Qh4 Ke8 31. Bxe7 Nxe7 32. Qf6 Kd7 33. Qxf7 Qb4 34. Bb5+
Kc8 35. Qxe7 Qxe7 36. Rxe7 Rxd4 37. Rxe6 Rd5 38. Bc6 Rc5 39. Rxg6 Rxe5 40. f4
Rf5 41. Kf3 a5 42. Be4 Rb5 43. f5 a4 44. f6 Kd7 45. Bc6+ Kxc6 46. f7+ 1-0

[Event "European Blitz 2022"]
[Site "Katowice POL"]
[Date "2022.12.16"]
[Round "21.33"]
[White "Krzyzanowski, Marcin"]
[Black "Kjartansson, Gudmundur"]
[Result "1-0"]
[WhiteTitle "GM"]
[BlackTitle "GM"]
[WhiteElo "2538"]
[BlackElo "2453"]
[WhiteFideId "1132199"]
[BlackFideId "2301318"]
[EventDate "2022.12.16"]

1. Nf3 Nf6 2. g3 d5 3. Bg2 e6 4. O-O Be7 5. c4 O-O 6. b3 c5 7. cxd5 Nxd5 8. Bb2
Nc6 9. Nc3 Bf6 10. Rc1 Nxc3 11. Bxc3 e5 12. d3 Bg4 13. Nd2 Qd7 14. a3 Rac8 15.
b4 cxb4 16. axb4 Nd4 17. Bxd4 Qxd4 18. Rxc8 Rxc8 19. h3 Be6 20. Qa4 Qb2 21. Bxb7
Rf8 22. Ne4 Qxe2 23. Nxf6+ gxf6 24. Bg2 Qxd3 25. Qxa7 Bd5 26. Qd7 Bc4 27. Qg4+
Kh8 28. Qh4 Kg7 29. Rc1 Be6 30. Be4 1-0

[Event "European Blitz 2022"]
[Site "Katowice POL"]
[Date "2022.12.16"]
[Round "21.34"]
[White "Stefanova, Antoaneta"]
[Black "Baum, Jonasz"]
[Result "1/2-1/2"]
[WhiteTitle "GM"]
[BlackTitle "IM"]
[WhiteElo "2442"]
[BlackElo "2420"]
[WhiteFideId "2902257"]
[BlackFideId "1195360"]
[EventDate "2022.12.16"]

1. Nf3 d5 2. g3 Nd7 3. d4 Nb6 4. Bg2 Bf5 5. O-O e6 6. b3 Nf6 7. Bb2 h6 8. Nbd2
Be7 9. c4 c6 10. c5 Nbd7 11. b4 Ne4 12. Nb3 O-O 13. Ne1 Bh7 14. f3 Nef6 15. a4
a6 16. Nd3 Ne8 17. e4 Qc7 18. Bc1 Qd8 19. Bf4 Nc7 20. Qd2 Bf6 21. e5 Be7 22. Be3
f6 23. exf6 Bxf6 24. f4 Qe8 25. Ne5 Bxe5 26. dxe5 Rd8 27. Nd4 Qh5 28. Bf3 Qh3
29. Qg2 Qxg2+ 30. Kxg2 Rfe8 31. Bh5 Rf8 32. h4 Be4+ 33. Kh2 g6 34. Bf3 Bxf3 35.
Nxf3 Kg7 36. Nd4 h5 37. Rab1 Rfe8 38. Rfc1 Nf8 39. b5 axb5 40. axb5 cxb5 41.
Nxb5 Nxb5 42. Rxb5 Rd7 43. Rcb1 d4 44. Bd2 Ra8 45. R1b2 Kf7 46. Rxb7 Rxb7 47.
Rxb7+ Ke8 48. Rb2 Ra4 49. Kg2 Rc4 50. Bb4 Nd7 51. Kf3 Nxc5 52. Bxc5 Rxc5 53. Rd2
Rc3+ 54. Kf2 Rc4 55. Kf3 Rc3+ 56. Kf2 Rc4 57. Kf3 Rc3+ 58. Kf2 Rc4 59. Kf3 1/2-1/2

[Event "European Blitz 2022"]
[Site "Katowice POL"]
[Date "2022.12.16"]
[Round "21.35"]
[White "Wieczorek, Oskar"]
[Black "Haug, Havard"]
[Result "1-0"]
[WhiteTitle "GM"]
[WhiteElo "2504"]
[BlackElo "2044"]
[WhiteFideId "1133950"]
[BlackFideId "1547887"]
[EventDate "2022.12.16"]

1. e4 c6 2. d4 d5 3. Nd2 dxe4 4. Nxe4 Nf6 5. Nxf6+ exf6 6. Be2 Bd6 7. Bf3 O-O 8.
Ne2 Qc7 9. c4 Re8 10. c5 Be7 11. O-O Nd7 12. Be3 Nf8 13. Nc3 Be6 14. d5 cxd5 15.
Nxd5 Bxd5 16. Qxd5 Rac8 17. Rac1 Ne6 18. b4 Rb8 19. Rfd1 Red8 20. Qe4 g6 21.
Rxd8+ Bxd8 22. Rd1 f5 23. Qd5 Bf6 24. Qd6 Qc8 25. Qd7 b6 26. c6 f4 27. Bc1 Qxd7
28. Rxd7 Rc8 29. b5 Nd4 30. Bd5 Ne2+ 31. Kf1 Nxc1 32. Rxf7 Rd8 33. c7 Rxd5 34.
c8=Q+ Kxf7 35. Qxc1 Rd7 36. Qc4+ Kg7 37. Qxf4 Re7 38. Qc4 Be5 39. g3 Bd6 40.
Qd4+ Be5 41. Qd5 Bf6 42. h4 h5 43. a4 Re5 44. Qd7+ Re7 45. Qc6 Bd4 46. Qd6 Bc5
47. Qd5 Rf7 48. f4 Re7 49. a5 Be3 50. a6 Bc5 51. Qd3 Kf6 52. Qc3+ Kf7 53. Qc4+
Kf6 54. Qd5 Re3 55. Qg5+ Kf7 56. Qd5+ Kf6 57. Qc6+ Re6 58. Qa8 Re7 59. Kg2 Kg7
60. Qd5 Re2+ 61. Kf3 Rf2+ 62. Ke4 Re2+ 63. Kd3 Re3+ 64. Kd2 Re7 65. Kc2 Re2+ 66.
Kd1 Re7 67. f5 Rf7 68. fxg6 Kxg6 69. Qg5+ Kh7 70. Qxh5+ Kg7 71. Qg5+ Kh7 72. g4
Rg7 73. Qh5+ Kg8 74. Qe8+ Bf8 75. Qe6+ Kh8 76. g5 Re7 77. Qf6+ Kg8 78. h5 Rd7+
79. Kc2 Rc7+ 80. Kb3 Rc5 81. Qe6+ Kh8 82. Qf6+ Kg8 83. Qg6+ Kh8 84. h6 Rxb5+ 85.
Kc4 Rc5+ 86. Kd3 Rd5+ 87. Ke4 Rd7 88. Qf6+ Kg8 89. Qe6+ Rf7 90. g6 1-0

[Event "European Blitz 2022"]
[Site "Katowice POL"]
[Date "2022.12.16"]
[Round "21.36"]
[White "Horvath, Dominik"]
[Black "Suder, Jakub"]
[Result "1-0"]
[WhiteTitle "IM"]
[BlackTitle "FM"]
[WhiteElo "2502"]
[BlackElo "2244"]
[WhiteFideId "1642561"]
[BlackFideId "1195310"]
[EventDate "2022.12.16"]

1. e4 c5 2. c3 Nf6 3. e5 Nd5 4. Bc4 e6 5. Nf3 d6 6. d4 cxd4 7. cxd4 Nb6 8. Bb3
dxe5 9. dxe5 Qxd1+ 10. Bxd1 Bd7 11. Nc3 Bc6 12. O-O N8d7 13. Bf4 Nd5 14. Bg3
Nxc3 15. bxc3 Bc5 16. Nd4 Bxd4 17. cxd4 Bd5 18. Bh4 Nb6 19. a4 Bc6 20. a5 Nd5
21. a6 b6 22. Rc1 Kd7 23. f4 Bb5 24. Rf2 Rac8 25. Ra1 g6 26. g4 Rc3 27. f5 gxf5
28. gxf5 Rg8+ 29. Bg3 Ne7 30. fxe6+ fxe6 31. Rf7 h6 32. Bf3 Ke8 33. Rf6 Bc4 34.
Bh5+ Kd7 35. Rf7 Rc2 36. Bf3 h5 37. Bxh5 Bd5 38. Bf3 Ke8 39. Rf6 Bxf3 40. Rxf3
Nd5 41. Raf1 Ra2 42. Rf7 Rxa6 43. Rb7 Ne7 44. Kh1 Ra2 45. Bh4 Nc8 46. Rc7 Rgg2
47. Rxc8+ Kd7 48. Rd8+ Kc7 49. Rc1+ Kb7 50. Bg3 Rgd2 51. d5 exd5 52. Re1 d4 53.
e6 Re2 54. e7 Rxe7 55. Rxe7+ 1-0

[Event "European Blitz 2022"]
[Site "Katowice POL"]
[Date "2022.12.16"]
[Round "21.37"]
[White "Wisniewski, Michal"]
[Black "Klenburg, Michael"]
[Result "1-0"]
[WhiteTitle "FM"]
[BlackTitle "IM"]
[WhiteElo "2168"]
[BlackElo "2347"]
[WhiteFideId "1159682"]
[BlackFideId "14102072"]
[EventDate "2022.12.16"]

1. Nf3 Nf6 2. c4 g6 3. g3 Bg7 4. Bg2 O-O 5. O-O d6 6. Nc3 e5 7. d3 h6 8. Rb1 Nc6
9. b4 Be6 10. b5 Ne7 11. Bb2 Qd7 12. Nd2 Rab8 13. Qa4 Nc8 14. Qb3 Bh3 15. Nd5
Bxg2 16. Kxg2 Nxd5 17. cxd5 Ne7 18. Rfc1 h5 19. Rc2 h4 20. Rbc1 h3+ 21. Kg1 Rfc8
22. a4 Bh6 23. Qc4 Bg5 24. e3 f5 25. Nf3 Bf6 26. Nxe5 dxe5 27. d6+ Kg7 28. dxe7
Qxe7 29. d4 e4 30. Qb3 Qd7 31. Ba3 a6 32. bxa6 bxa6 33. Qc4 Rb6 34. Qf1 Bd8 35.
Bc5 Rf6 36. Rc4 Rb8 37. Qxh3 Rb2 38. Bb4 Rb6 39. Bc3 Rb1 40. d5+ Bf6 41. Bxf6+
Kxf6 42. Qh8+ Kf7 43. Qh7+ Ke8 44. Qg8+ Ke7 45. Rxb1 Rxb1+ 46. Kg2 Rb6 47. Qg7+
Kd8 48. Qf8+ Qe8 49. Qxe8+ Kxe8 50. Rxc7 Rd6 51. Rc6 Rxd5 52. Rxa6 Kf7 53. h4
Rd2 54. a5 Ra2 55. Ra7+ Kf6 56. a6 Ra1 57. Ra8 Kg7 58. g4 fxg4 59. Kg3 Ra2 60.
a7 Kh7 61. Kxg4 Ra5 62. Kf4 Ra4 63. Re8 Rxa7 64. Rxe4 Rf7+ 65. Kg3 Ra7 66. Rb4
Kg7 67. e4 Ra1 68. f3 Rg1+ 69. Kh2 Rf1 70. Kg2 Rc1 71. Rb5 Rd1 72. h5 gxh5 73.
Rxh5 Kf6 74. Ra5 Rc1 75. Kg3 Rh1 76. Kg4 Rg1+ 77. Kf4 Rh1 78. Ra6+ Ke7 79. Ke5
Rh5+ 80. Kd4 Rh4 81. Ke3 Rh1 82. f4 Rh3+ 83. Kd4 Rh1 84. f5 Rb1 85. Ke5 Rb5+ 86.
Kf4 Rb4 87. f6+ Kf7 88. Kf5 Rb1 89. Ra7+ Kf8 90. e5 Rb5 91. Kg6 Rxe5 92. Ra8+ 1-0

[Event "European Blitz 2022"]
[Site "Katowice POL"]
[Date "2022.12.16"]
[Round "21.38"]
[White "Asllani, Muhamet"]
[Black "Marn, Jan"]
[Result "0-1"]
[BlackTitle "FM"]
[WhiteElo "2228"]
[BlackElo "2332"]
[WhiteFideId "22100300"]
[BlackFideId "14619245"]
[EventDate "2022.12.16"]

1. e4 e5 2. Nf3 Nc6 3. Bc4 Bc5 4. O-O Nf6 5. c3 Nxe4 6. d4 d5 7. dxc5 dxc4 8.
Qe2 Qd3 9. Re1 Qxe2 10. Rxe2 Nxc5 11. Nxe5 Be6 12. Nxc6 bxc6 13. Bf4 Kd7 14. Na3
Rad8 15. Be3 Nd3 16. b3 cxb3 17. axb3 Kc8 18. c4 a6 19. Nc2 Kb7 20. Rd2 Ne5 21.
f3 Rxd2 22. Bxd2 Rd8 23. Bc3 f6 24. Re1 Bf5 25. Nd4 Bc8 26. h3 c5 27. Nc2 Rd3
28. Bxe5 fxe5 29. Rxe5 Rxb3 30. Rxc5 Kb6 31. Re5 a5 32. Nd4 Rb1+ 33. Kh2 a4 34.
Re8 Kb7 35. Nb5 Bd7 36. Re4 Bxb5 37. cxb5 Ra1 38. Rc4 a3 39. Ra4 Kb6 40. f4 Kxb5
41. Ra8 c5 42. g4 c4 43. f5 c3 44. Rc8 a2 45. Rb8+ Kc4 46. Rc8+ Kd3 47. Rd8+ Ke3
48. g5 Rh1+ 49. Kxh1 a1=Q+ 50. Kg2 Qb2+ 51. Kg3 Qf2+ 52. Kg4 Qg2+ 53. Kh4 Qe4+
54. Kh5 Qxf5 55. Re8+ Kd2 56. Rd8+ Kc2 0-1

[Event "European Blitz 2022"]
[Site "Katowice POL"]
[Date "2022.12.16"]
[Round "21.39"]
[White "Kyc, Jerzy"]
[Black "Luczak, Filip"]
[Result "0-1"]
[BlackTitle "FM"]
[WhiteElo "2230"]
[BlackElo "2326"]
[WhiteFideId "1163922"]
[BlackFideId "1193686"]
[EventDate "2022.12.16"]

1. e4 g6 2. d4 Bg7 3. Nf3 d6 4. Nc3 a6 5. Bf4 b5 6. a3 Bb7 7. Qd2 Nd7 8. d5 c5
9. dxc6 Bxc6 10. Bd3 Ngf6 11. Bh6 O-O 12. O-O-O Rb8 13. Nd4 Ba8 14. Bxg7 Kxg7
15. h4 b4 16. axb4 Rxb4 17. Nde2 Qa5 18. Kb1 Rfb8 19. b3 Nc5 20. Nc1 Bxe4 21.
N3a2 Nxd3 22. Nxd3 Rxb3+ 23. cxb3 Rxb3+ 24. Ka1 Qxd2 25. Rxd2 Rxd3 26. Re2 Bxg2
27. Rg1 Bd5 28. Rxe7 Ra3 29. Re2 Ne4 30. Rc2 Nc3 31. Rxc3 Rxa2+ 32. Kb1 Rxf2 33.
Rd1 Be4+ 34. Ka1 d5 35. Rd4 h5 36. Ra3 Rh2 37. Rxa6 Rxh4 38. Ra7 Rf4 39. Rd7
Rf1+ 40. Kb2 h4 0-1

[Event "European Blitz 2022"]
[Site "Katowice POL"]
[Date "2022.12.16"]
[Round "21.40"]
[White "Budrewicz, Krzysztof"]
[Black "Saraci, Nderim"]
[Result "0-1"]
[BlackTitle "IM"]
[WhiteElo "2184"]
[BlackElo "2468"]
[WhiteFideId "1127950"]
[BlackFideId "6351921"]
[EventDate "2022.12.16"]

1. d4 Nf6 2. c4 g6 3. Nc3 Bg7 4. e4 d6 5. Nf3 O-O 6. Be2 Na6 7. Be3 c5 8. d5 Nc7
9. Nd2 Rb8 10. O-O a6 11. a4 b6 12. f4 Bd7 13. g4 b5 14. g5 Nfe8 15. Qc2 Qc8 16.
Nf3 Bh3 17. Rfe1 Qg4+ 0-1

[Event "European Blitz 2022"]
[Site "Katowice POL"]
[Date "2022.12.16"]
[Round "21.41"]
[White "Hjartarson, Johann"]
[Black "Kruckenhauser, Arthur"]
[Result "1-0"]
[WhiteTitle "GM"]
[BlackTitle "FM"]
[WhiteElo "2476"]
[BlackElo "2339"]
[WhiteFideId "2300044"]
[BlackFideId "1642812"]
[EventDate "2022.12.16"]

1. e4 c5 2. Nf3 d6 3. d4 cxd4 4. Nxd4 Nf6 5. Nc3 g6 6. Be2 Bg7 7. O-O O-O 8. Re1
Nc6 9. Nb3 Be6 10. Bf1 Rc8 11. Nd5 Re8 12. c3 Ne5 13. Bg5 Nc4 14. Bxf6 exf6 15.
Nd4 f5 16. b3 Bxd5 17. exd5 Rxe1 18. Qxe1 Nb6 19. Rd1 Nxd5 20. Ne6 Qf6 21. Nxg7
Nxc3 22. Ne8 Qe5 23. Nxd6 1-0

[Event "European Blitz 2022"]
[Site "Katowice POL"]
[Date "2022.12.16"]
[Round "21.42"]
[White "Ternault, Mathieu"]
[Black "Szpar, Milosz"]
[Result "0-1"]
[WhiteTitle "FM"]
[BlackTitle "IM"]
[WhiteElo "2351"]
[BlackElo "2428"]
[WhiteFideId "20641532"]
[BlackFideId "1184989"]
[EventDate "2022.12.16"]

1. d4 Nf6 2. Nf3 e6 3. Bg5 c5 4. d5 Qb6 5. Bxf6 gxf6 6. e4 Qxb2 7. Nbd2 Bh6 8.
Bd3 exd5 9. exd5 Bxd2+ 10. Nxd2 Qe5+ 11. Qe2 Kd8 12. O-O Qxe2 13. Bxe2 d6 14.
Rfe1 Bf5 15. Nc4 Kd7 16. Ne3 Bg6 17. f4 Be4 18. Rad1 f5 19. g4 Na6 20. gxf5
Rhg8+ 21. Kf2 Nb4 22. a3 Nxc2 23. Nxc2 Bxc2 24. Bb5+ Kd8 25. Rg1 Ke7 26. Rde1+
Kf6 27. Rg3 Bxf5 28. Rge3 a6 29. Bf1 Rg4 30. Kf3 Rh4 31. Kg3 Rh6 32. Re7 Rg8+
33. Kf2 Rxh2+ 34. Kf3 Rb2 35. Rc7 Rb3+ 36. Kf2 Rb2+ 37. Kf3 Bg4+ 38. Kg3 Be2+
39. Kf2 Bc4+ 40. Be2 Re8 41. Kf3 Bxe2+ 42. Kg3 Rg8+ 43. Kf2 Bc4+ 44. Kf3 Bxd5+
45. Ke3 Rg3# 0-1